000
00327nam a2200157Ia 4500
100
_a
Diament/R.M.E
650
_a
Chemistry
942
_c
BK
654
_a
Chemistry
245
_a
Applid Chemistry Forengineers
260
_b
Pitman
_a
London
_c
1968
082
_a
540
_b
Dia
300
_a
343
546
_a
ENGLISH
999
_c
33699
_d
33699